Monitoring životného prostredia v Slovenskej republike

Trvalo udržateľný rozvoj - najrozumnejšia alternatíva ľudstva. Príprava monitorovania životného prostredia na Slovensku. Monitorovací systém životného prostredia sa skladá z úrovne plošnej, regionálnej a účelovej. Súčasný stav monitorovania životného prostredia SR. Finančné zabezpečenie monitoringu....

Descrizione completa

Salvato in:
Dettagli Bibliografici
Autore principale: Duša, I.
Natura: Capitolo di libro
Lingua:slovacco
Soggetti:
Tags: Aggiungi Tag
Nessun Tag, puoi essere il primo ad aggiungerne!!

MARC

LEADER 00000naa a2200000 4500
001 r017477
005 20221205103338.0
041 0 |a slo 
044 |a SK 
245 1 0 |a Monitoring životného prostredia v Slovenskej republike  |c I. Duša 
520 |a Trvalo udržateľný rozvoj - najrozumnejšia alternatíva ľudstva. Príprava monitorovania životného prostredia na Slovensku. Monitorovací systém životného prostredia sa skladá z úrovne plošnej, regionálnej a účelovej. Súčasný stav monitorovania životného prostredia SR. Finančné zabezpečenie monitoringu. Regionálne a účelové monitorovacie systémy. 
610 2 0 |a rozvoj trvalo udržateľný 
610 2 0 |a prostredie životné 
610 2 0 |a Slovensko 
610 2 0 |a koncepcie 
610 2 0 |a imisie 
610 2 0 |a ochrana prostredia životného 
610 2 0 |a financovanie 
100 1 |a Duša, I.